[Event "FB21 2122 TuS Coswig-Rochade Zeulenroda"]
[Site "?"]
[Date "2022.03.20"]
[Round "5.2"]
[White "Richter, Ulrike"]
[Black "Wagner, Margarethe"]
[Result "0-1"]
[WhiteElo "1936"]
[BlackElo "1881"]
[PlyCount "106"]
[EventDate "2022.??.??"]

1. c4 e6 2. d4 d5 3. e3 Nf6 4. Nc3 Be7 5. Nf3 O-O 6. Bd3 b6 7. O-O Bb7 8. cxd5
exd5 9. Qc2 c5 10. dxc5 bxc5 11. e4 c4 12. Be2 d4 13. Nxd4 Qxd4 14. Be3 Qe5 15.
Bxc4 Bc5 16. Bxc5 Qxc5 17. Bd3 Na6 18. a3 Rac8 19. Qe2 Nc7 20. Rac1 Qe5 21. f4
Qd4+ 22. Kh1 Rfe8 23. Rcd1 Qb6 24. e5 Ba6 25. Qf3 Bb7 26. Qh3 g6 27. exf6 Qxf6
28. f5 g5 29. Qg3 Kh8 30. Rfe1 Nd5 31. Ne4 Qh6 32. Nxg5 Qg7 33. Bc4 Rxe1+ 34.
Rxe1 h6 35. Nxf7+ Qxf7 36. Qb3 Re8 37. Rd1 Bc6 38. h3 Qxf5 39. Bxd5 Bxd5 40.
Qc3+ Kg8 41. Qg3+ Kh7 42. Qc7+ Kg6 43. Kh2 Qe5+ 44. Qxe5 Rxe5 45. Rd2 Kf5 46.
Kg3 Ke6 47. h4 Re4 48. Rf2 a6 49. Kh3 h5 50. Kg3 Ke5 51. Rd2 Rg4+ 52. Kh3 Be6
53. Re2+ Re4+ 0-1

[Event "FB21 2122 TuS Coswig-Rochade Zeulenroda"]
[Site "?"]
[Date "2022.03.20"]
[Round "5.3"]
[White "Skibbe, Diana"]
[Black "Moldenhauer, Antje"]
[Result "0-1"]
[WhiteElo "1987"]
[BlackElo "1799"]
[PlyCount "76"]
[EventDate "2022.??.??"]

1. e4 c5 2. Nf3 d6 3. d4 cxd4 4. Nxd4 Nf6 5. Nc3 g6 6. Be3 Bg7 7. f3 O-O 8. Qd2
Nc6 9. O-O-O Nxd4 10. Bxd4 Be6 11. Kb1 Qc7 12. g4 Rfc8 13. h4 Qa5 14. a3 Rab8
15. h5 b5 16. Nd5 Qxd2 17. Nxf6+ Bxf6 18. Rxd2 Bxd4 19. Rxd4 Rc5 20. hxg6 hxg6
21. Rd2 b4 22. Rdh2 Kg7 23. axb4 Rxb4 24. Bd3 Kf6 25. Rf2 Ra5 26. c3 Rb6 27.
Kc2 Rxb2+ 28. Kxb2 Ra2+ 29. Kc1 Rxf2 30. Rf1 Rxf1+ 31. Bxf1 Ke5 32. Kd2 Kf4 33.
Be2 Bb3 34. c4 a5 35. Kc3 a4 36. Bd3 Kxf3 37. e5 Kxg4 38. e6 f5 0-1

[Event "FB21 2122 TuS Coswig-Rochade Zeulenroda"]
[Site "?"]
[Date "2022.03.20"]
[Round "5.4"]
[White "Gebhardt, Christine"]
[Black "Jacke, Corinna"]
[Result "1-0"]
[WhiteElo "1705"]
[BlackElo "1945"]
[PlyCount "70"]
[EventDate "2022.??.??"]

1. e4 e6 2. d3 d5 3. Nd2 g6 4. g3 Bg7 5. Bg2 Ne7 6. Ngf3 O-O 7. O-O c5 8. Re1
Nbc6 9. e5 Qc7 10. Qe2 b5 11. h4 Rb8 12. Nf1 d4 13. N1h2 Nd5 14. Ng4 Ba6 15.
Bh6 Bxh6 16. Nxh6+ Kg7 17. Qd2 Nce7 18. Ng5 Ng8 19. Nhxf7 Qe7 20. Nd6 h6 21.
Nge4 Qc7 22. Bh3 Bc8 23. Qe2 Bd7 24. a3 a5 25. Qg4 Kh7 26. h5 Nge7 27. Bg2 gxh5
28. Qxh5 Ng6 29. Ng5+ Kg7 30. Nge4 c4 31. Rac1 c3 32. b3 b4 33. a4 Nde7 34. Nf6
Nxe5 35. Qxe5 Kg6 1-0

[Event "FB21 2122 TuS Coswig-Rochade Zeulenroda"]
[Site "?"]
[Date "2022.03.20"]
[Round "5.5"]
[White "Dietrich, Mareike"]
[Black "Pührer, Anne"]
[Result "1-0"]
[WhiteElo "1784"]
[BlackElo "1698"]
[PlyCount "49"]
[EventDate "2022.??.??"]

1. e4 c5 2. Nf3 d6 3. d4 cxd4 4. Nxd4 Nf6 5. Nc3 a6 6. Bg5 Nbd7 7. Qe2 Qc7 8.
f4 e6 9. O-O-O b5 10. a3 Bb7 11. g4 Rc8 12. Bxf6 gxf6 13. Rg1 Nb6 14. g5 fxg5
15. Qh5 Qd7 16. Bh3 Kd8 17. Qxg5+ Qe7 18. Nxe6+ fxe6 19. Rxd6+ Nd7 20. Rgd1 Bc6
21. Qh5 Qf6 22. Rxe6 Qxf4+ 23. Kb1 Qxh2 24. Qe8+ Kc7 25. Rxc6+ 1-0

[Event "FB21 2122 TuS Coswig 1920 - SV Mersebur"]
[Site "?"]
[Date "2022.04.09"]
[Round "6.1"]
[White "Pflug, Tanja"]
[Black "Timme, Karin"]
[Result "1/2-1/2"]
[WhiteElo "1990"]
[BlackElo "2066"]
[PlyCount "55"]
[EventDate "2022.??.??"]

1. d4 d5 2. Bf4 Nf6 3. e3 e6 4. Nf3 c5 5. c3 Nc6 6. Nbd2 Bd6 7. Ne5 O-O 8. Bd3
Qc7 9. Ndf3 cxd4 10. exd4 Ne8 11. Bg3 f6 12. Nxc6 bxc6 13. Qe2 c5 14. O-O Bxg3
15. hxg3 Rb8 16. Rad1 c4 17. Bb1 Rb6 18. Kh2 Qb7 19. Rd2 Nd6 20. Rh1 Nb5 21.
Qd1 Rf7 22. Qc2 g6 23. Nh4 g5 24. Nf3 Rg7 25. Re2 Nd6 26. Kg1 Nb5 27. Re1 Nd6
28. Re2 1/2-1/2

[Event "FB21 2122 TuS Coswig 1920 - SV Mersebur"]
[Site "?"]
[Date "2022.04.09"]
[Round "6.2"]
[White "Moses, Selina"]
[Black "Hartung, Katja"]
[Result "0-1"]
[WhiteElo "1868"]
[BlackElo "1924"]
[PlyCount "66"]
[EventDate "2022.??.??"]

1. e4 e5 2. Nf3 Nc6 3. Bc4 Nf6 4. d3 Bc5 5. c3 d6 6. h3 Ne7 7. Nbd2 Ng6 8. Nf1
c6 9. Bb3 O-O 10. Ng3 Be6 11. Bc2 d5 12. Qe2 Qc7 13. Bg5 dxe4 14. dxe4 Nf4 15.
Bxf4 exf4 16. Nf1 Qb6 17. b4 Be7 18. N1d2 a5 19. bxa5 Qb2 20. Qd1 Bxa2 21. O-O
Rxa5 22. c4 Rfa8 23. e5 Ne8 24. Re1 Kf8 25. Qc1 Ba3 26. Qxb2 Bxb2 27. Rad1 Nc7
28. Nb3 Bxb3 29. Bxb3 Ne6 30. Rb1 Bc3 31. Re4 Ra1 32. Rxa1 Rxa1+ 33. Kh2 Nc5
0-1

[Event "FB21 2122 TuS Coswig 1920 - SV Mersebur"]
[Site "?"]
[Date "2022.04.09"]
[Round "6.3"]
[White "Moritz, Cornelia"]
[Black "Richter, Ulrike"]
[Result "0-1"]
[WhiteElo "1801"]
[BlackElo "1916"]
[PlyCount "74"]
[EventDate "2022.??.??"]

1. e4 c5 2. Nc3 d6 3. g3 Nc6 4. Bg2 Nf6 5. d3 e6 6. f4 a6 7. Nf3 Qc7 8. O-O Be7
9. Nh4 Bd7 10. Rb1 Rb8 11. f5 Nd4 12. Ne2 Nxe2+ 13. Qxe2 e5 14. Bg5 Bc6 15. c4
b5 16. b3 b4 17. Rf2 Nxe4 18. dxe4 Bxg5 19. Nf3 Be7 20. g4 h6 21. Re1 Kd7 22.
Qd2 Kc8 23. Ra1 Qb7 24. a3 Bxe4 25. axb4 Qxb4 26. Rxa6 Qxb3 27. Ra7 Bb7 28. Qc1
Qb6 29. Rfa2 Rd8 30. Qa3 Qb1+ 31. Kf2 Qe4 32. Rb2 Rd7 33. Kg3 Qf4+ 34. Kh3 e4
35. Ng1 h5 36. Qg3 hxg4+ 37. Qxg4 Qe3+ 0-1

[Event "FB21 2122 TuS Coswig 1920 - SV Mersebur"]
[Site "?"]
[Date "2022.04.09"]
[Round "6.4"]
[White "Moldenhauer, Antje"]
[Black "Kuemmel, Tina"]
[Result "1-0"]
[WhiteElo "1814"]
[BlackElo "1504"]
[PlyCount "67"]
[EventDate "2022.??.??"]

1. e4 e6 2. d4 d5 3. exd5 exd5 4. Qf3 Nf6 5. h3 Be7 6. Be3 Be6 7. Nd2 Nbd7 8.
Bd3 c6 9. Ne2 Qc7 10. O-O Nf8 11. Nf4 g5 12. Nxe6 Nxe6 13. Rfe1 O-O-O 14. Bf5
Rdg8 15. b4 h5 16. Qe2 Bxb4 17. Rab1 Bd6 18. c4 dxc4 19. Nxc4 Nd7 20. d5 cxd5
21. Nxd6+ Qxd6 22. Bxa7 Rh6 23. Qb5 Qa6 24. Rec1+ Kd8 25. Qxb7 Qxb7 26. Rxb7
Rf6 27. Bd3 Ke7 28. Bb5 Rd8 29. Bb6 Nef8 30. Bxd8+ Kxd8 31. Rc6 Rxc6 32. Bxc6
d4 33. Bxd7 Nxd7 34. Rb4 1-0

[Event "FB21 2122 TuS Coswig 1920 - SV Mersebur"]
[Site "?"]
[Date "2022.04.09"]
[Round "6.5"]
[White "Domaske, Susann"]
[Black "Gebhardt, Christine"]
[Result "0-1"]
[WhiteElo "1799"]
[BlackElo "1712"]
[PlyCount "53"]
[EventDate "2022.??.??"]

1. d4 d5 2. c4 e6 3. a3 c5 4. dxc5 Bxc5 5. cxd5 exd5 6. e3 Nf6 7. b4 Bd6 8.
Bb5+ Nc6 9. Bb2 O-O 10. Nf3 a5 11. Bxc6 bxc6 12. Nd4 Bd7 13. Nc2 Ng4 14. h3 Qh4
15. Rf1 Ne5 16. bxa5 Rxa5 17. Qd4 Qxd4 18. Bxd4 c5 19. Bc3 Rb5 20. Ke2 Rb3 21.
Rd1 Bb5+ 22. Kd2 Nd3 23. f3 Re8 24. a4 Ba6 25. Ra3 Rbb8 26. Ra1 d4 27. Nca3 0-1

[Event "FB21 2122 SC Rotation Pankow - SV Mediz"]
[Site "?"]
[Date "2022.04.09"]
[Round "6.1"]
[White "Ratay, Meike"]
[Black "Burchardt, Brigitte"]
[Result "1/2-1/2"]
[WhiteElo "1970"]
[BlackElo "2079"]
[PlyCount "40"]
[EventDate "2022.??.??"]

1. e4 c5 2. Nf3 d6 3. d4 cxd4 4. Nxd4 Nf6 5. Nc3 a6 6. Be2 e5 7. Nb3 Qc7 8. O-O
Be7 9. Bg5 Be6 10. Bxf6 Bxf6 11. Nd5 Bxd5 12. Qxd5 O-O 13. Rfd1 Be7 14. c3 Nd7
15. Na5 Rab8 16. Nc4 Nf6 17. Qd3 Rfd8 18. Ne3 Bf8 19. Nd5 Nxd5 20. Qxd5 Rdc8
1/2-1/2

[Event "FB21 2122 SC Rotation Pankow - SV Mediz"]
[Site "?"]
[Date "2022.04.09"]
[Round "6.2"]
[White "Wagner-Michel, Annett"]
[Black "Nguyen, Ha Thanh"]
[Result "1/2-1/2"]
[WhiteElo "2104"]
[BlackElo "1952"]
[PlyCount "112"]
[EventDate "2022.??.??"]

1. e4 c5 2. Nf3 Nc6 3. Bb5 e6 4. Bxc6 bxc6 5. O-O Nf6 6. d3 d5 7. Nc3 Be7 8.
Qe2 Ba6 9. b3 O-O 10. Re1 Rc8 11. Bb2 Re8 12. e5 Nd7 13. Nd1 h6 14. c4 Nf8 15.
Ne3 Ng6 16. g3 Nf8 17. Rac1 Nh7 18. Ng2 Bf8 19. Rcd1 Qd7 20. Qd2 Qc7 21. Bc3
Be7 22. Qb2 Qb7 23. Qa3 Rb8 24. h4 Nf8 25. Nf4 Nh7 26. Kg2 Qc8 27. g4 g6 28.
Nh3 Bb7 29. Bd2 f5 30. gxf5 gxf5 31. Bxh6 Kh8 32. Kh2 Qc7 33. Bg5 Nxg5 34. hxg5
Kg7 35. Kg2 Bc8 36. Nf4 Rh8 37. Qb2 Qd8 38. Rh1 Bxg5 39. Rxh8 Kxh8 40. Rh1+ Kg8
41. Nh3 Bh6 42. Rg1 Rb7 43. Kf1+ Rg7 44. Rxg7+ Kxg7 45. Ke2 Qa5 46. Nfg5 Kf8
47. Kf1 Qd8 48. f4 dxc4 49. dxc4 Qd1+ 50. Kg2 Qg4+ 51. Kh2 Bxg5 52. fxg5 Qe4
53. Kg3 Qg4+ 54. Kh2 Qe4 55. Kg1 Qe3+ 56. Kh2 Bd7 1/2-1/2

[Event "FB21 2122 SC Rotation Pankow - SV Mediz"]
[Site "?"]
[Date "2022.04.09"]
[Round "6.3"]
[White "Reuter, Elisa"]
[Black "Jahn, Constanze"]
[Result "0-1"]
[WhiteElo "1881"]
[BlackElo "2031"]
[PlyCount "46"]
[EventDate "2022.??.??"]

1. e4 c5 2. Nf3 e6 3. d4 cxd4 4. Nxd4 Nc6 5. Nc3 Qc7 6. Be3 a6 7. Be2 Nf6 8.
O-O Bb4 9. f3 Ne7 10. Qd3 d5 11. Nb3 Bd7 12. exd5 Nfxd5 13. Nxd5 Nxd5 14. Bd2
Bd6 15. g3 h5 16. c4 Nf6 17. Bc3 Bxg3 18. hxg3 Qxg3+ 19. Kh1 Ng4 20. Be5 Nxe5
21. Qd6 Rh6 22. Bd3 Qh4+ 23. Kg1 Nxd3 0-1

[Event "FB21 2122 SC Rotation Pankow - SV Mediz"]
[Site "?"]
[Date "2022.04.09"]
[Round "6.4"]
[White "Wolf, Sylvia"]
[Black "Mueller-Ludwig, Kristin"]
[Result "1/2-1/2"]
[WhiteElo "2036"]
[BlackElo "2024"]
[PlyCount "55"]
[EventDate "2022.??.??"]

1. e4 e6 2. d4 d5 3. e5 b6 4. Nf3 Qd7 5. Be2 c5 6. O-O h6 7. Be3 Ba6 8. c3 Bxe2
9. Qxe2 Nc6 10. Nbd2 cxd4 11. cxd4 Nge7 12. Rfc1 Rc8 13. Rc2 Nb4 14. Rxc8+ Nxc8
15. Ne1 Qa4 16. Rc1 Ne7 17. a3 Qa6 18. Qd1 Nbc6 19. Rc3 g6 20. Qc2 Kd7 21. b4
Bg7 22. Nd3 Rc8 23. a4 Nb8 24. Nb3 Rxc3 25. Qxc3 Qc4 26. Bd2 Bf8 27. Nb2 Qxc3
28. Bxc3 1/2-1/2

[Event "FB21 2122 SC Rotation Pankow - SV Mediz"]
[Site "?"]
[Date "2022.04.09"]
[Round "6.5"]
[White "Anisheva, Varvara"]
[Black "Mai, Iris"]
[Result "1-0"]
[WhiteElo "2076"]
[BlackElo "2007"]
[PlyCount "61"]
[EventDate "2022.??.??"]

1. e4 c5 2. g3 d6 3. Bg2 Nf6 4. c3 Bg4 5. Qb3 Nbd7 6. d4 Qc7 7. Na3 Rc8 8. f3
Bh5 9. Ne2 e5 10. O-O a6 11. g4 Bg6 12. h4 c4 13. Qd1 h6 14. Nc2 Be7 15. Ne3
Kf8 16. h5 Bh7 17. Ng3 Kg8 18. Nef5 Bf8 19. Be3 Bxf5 20. Nxf5 g6 21. hxg6 fxg6
22. Nh4 Kh7 23. f4 Bg7 24. g5 exf4 25. gxf6 Nxf6 26. Bxf4 g5 27. e5 gxf4 28.
Qc2+ Kg8 29. exf6 Bxf6 30. Bd5+ Kf8 31. Ng6+ 1-0

[Event "FB21 2122 SC Rotation Pankow - SV Mediz"]
[Site "?"]
[Date "2022.04.09"]
[Round "6.6"]
[White "Heyme, Sibylle"]
[Black "Troyke, Doreen"]
[Result "0-1"]
[WhiteElo "1996"]
[BlackElo "1991"]
[PlyCount "89"]
[EventDate "2022.??.??"]

1. e4 c5 2. Nf3 d6 3. d4 cxd4 4. Nxd4 Nf6 5. Nc3 a6 6. Be3 e5 7. Nb3 Be6 8. Be2
Nbd7 9. O-O Be7 10. f4 exf4 11. Bxf4 Ne5 12. Kh1 O-O 13. Nd4 Rc8 14. Nf5 Bxf5
15. exf5 Qa5 16. Qe1 Rfe8 17. Qg3 Qb4 18. Bh6 Bf8 19. Rab1 d5 20. Bg5 Ne4 21.
Nxe4 dxe4 22. c3 Qa4 23. Bf6 Nd7 24. Bd4 Qxa2 25. h4 f6 26. h5 Ne5 27. h6 Qf7
28. Rf4 Nc6 29. hxg7 Bd6 30. Rbf1 Nxd4 31. cxd4 Qc7 32. b3 b5 33. Qh4 Bxf4 34.
Rxf4 Re7 35. Rg4 Qd6 36. Qh6 Qxd4 37. Kh2 Qe5+ 38. Kh3 Rc3+ 39. g3 Qxf5 40. Qd2
Rc8 41. Qh6 Rec7 42. b4 Rc2 43. Qe3 h5 44. Qb3+ R8c4 45. Bxc4+ 0-1

[Event "FB21 2122 SG Leipzig - SC Bavaria Regen"]
[Site "?"]
[Date "2022.04.09"]
[Round "6.2"]
[White "Beltz, Franziska"]
[Black "Palkova, Katerina"]
[Result "1-0"]
[WhiteElo "2067"]
[BlackElo "2000"]
[PlyCount "69"]
[EventDate "2022.??.??"]

1. e4 c5 2. Nf3 Nc6 3. d4 cxd4 4. Nxd4 Nf6 5. Nc3 e5 6. Ndb5 d6 7. Bg5 a6 8.
Na3 b5 9. Nd5 Be7 10. Bxf6 gxf6 11. c3 f5 12. exf5 Bxf5 13. Qf3 Be6 14. Rd1 O-O
15. Ne3 Qd7 16. g4 b4 17. Nac4 Rab8 18. Bd3 f6 19. Be4 Na7 20. Nd5 bxc3 21.
bxc3 Nc8 22. Nce3 Nb6 23. Qh3 Rf7 24. Rb1 Qa7 25. O-O Nxd5 26. Nxd5 Rxb1 27.
Rxb1 Bxg4 28. Qxg4+ Rg7 29. Nxe7+ Kh8 30. Ng6+ hxg6 31. Qc8+ Kh7 32. Rb8 Kh6
33. Qh3+ Kg5 34. Rh8 f5 35. Qh4# 1-0

[Event "FB21 2122 SG Leipzig - SC Bavaria Regen"]
[Site "?"]
[Date "2022.04.09"]
[Round "6.3"]
[White "Bardorz, Jana"]
[Black "Gempe, Anet"]
[Result "1-0"]
[WhiteElo "1913"]
[BlackElo "1979"]
[PlyCount "99"]
[EventDate "2022.??.??"]

1. e4 e6 2. d4 d5 3. Nd2 Nf6 4. e5 Nfd7 5. Bd3 c5 6. c3 Nc6 7. Ne2 cxd4 8. cxd4
f6 9. exf6 Nxf6 10. Nf3 Bd6 11. O-O Qc7 12. h3 O-O 13. Re1 Bd7 14. Nc3 a6 15.
Bd2 Rae8 16. Rc1 Bf4 17. Bxf4 Qxf4 18. Ne2 Qd6 19. Ng3 e5 20. Rxc6 Qxc6 21.
dxe5 Ne4 22. Nxe4 dxe4 23. Bxe4 Qb5 24. Qc2 h6 25. Nh4 Rc8 26. Bh7+ Kh8 27.
Ng6+ Kxh7 28. Nxf8+ Kg8 29. Qh7+ Kxf8 30. e6 Bxe6 31. Rxe6 Rc1+ 32. Kh2 Rc5 33.
Re3 Rf5 34. Qh8+ Kf7 35. Qd8 Kg6 36. Qg8 Qd7 37. Rg3+ Rg5 38. Qc4 Rxg3 39. Qe4+
Qf5 40. Qxf5+ Kxf5 41. Kxg3 Ke4 42. Kg4 g6 43. b4 b5 44. f4 Kd4 45. h4 Kc3 46.
h5 gxh5+ 47. Kxh5 Kxb4 48. f5 Ka3 49. f6 Kxa2 50. f7 1-0

[Event "FB21 2122 SG Leipzig - SC Bavaria Regen"]
[Site "?"]
[Date "2022.04.09"]
[Round "6.4"]
[White "Beltz, Martina"]
[Black "Leuchsenring, Christina"]
[Result "1/2-1/2"]
[WhiteElo "1909"]
[BlackElo "1899"]
[PlyCount "52"]
[EventDate "2022.??.??"]

1. d4 c5 2. e3 cxd4 3. exd4 d5 4. Bd3 Nc6 5. c3 Qc7 6. f4 Nf6 7. Nf3 Bg4 8. O-O
e6 9. Qe1 Bxf3 10. Rxf3 Bd6 11. Be3 O-O 12. Nd2 Ne7 13. Qh4 Nf5 14. Bxf5 exf5
15. Qg5 Ng4 16. Qxf5 Nxe3 17. Rxe3 Bxf4 18. Rh3 g6 19. Qd3 Rae8 20. Rf1 Bxd2
21. Qxd2 f5 22. Re3 b5 23. Rfe1 Re4 24. Qe2 a6 25. g3 Rfe8 26. Qf3 Qf7 1/2-1/2

[Event "FB21 2122 SG Leipzig - SC Bavaria Regen"]
[Site "?"]
[Date "2022.04.09"]
[Round "6.5"]
[White "Pavlov, Liliane"]
[Black "Oswald, Lena"]
[Result "1/2-1/2"]
[WhiteElo "1733"]
[BlackElo "1786"]
[PlyCount "82"]
[EventDate "2022.??.??"]

1. d4 d5 2. c4 dxc4 3. Nf3 Nf6 4. g3 e6 5. Bg2 c5 6. Qa4+ Nc6 7. dxc5 Bxc5 8.
Qxc4 Be7 9. O-O O-O 10. Nc3 Bd7 11. Rd1 Rc8 12. Bg5 h6 13. Bf4 Qb6 14. Qb5 Qxb5
15. Nxb5 Nd5 16. Bd6 Rfd8 17. Rac1 a6 18. Bxe7 Ncxe7 19. Rxc8 Rxc8 20. Nd6 Rc2
21. Ne5 Bc6 22. e4 Nf6 23. Ndxf7 Kf8 24. Rd8+ Ne8 25. Nd6 Bb5 26. Nxb5 axb5 27.
Bh3 Nc6 28. Rc8 Ke7 29. Nxc6+ bxc6 30. Rb8 Rxb2 31. a4 Nd6 32. e5 Nc4 33. Rb7+
Kf8 34. Bxe6 Nxe5 35. axb5 Rxb5 36. Rc7 Rc5 37. f4 Nc4 38. Kf2 Nd6 39. Bd7 Rc2+
40. Kg1 c5 41. Be6 Rc1+ 1/2-1/2

[Event "FB21 2122 SG Leipzig - SC Bavaria Regen"]
[Site "?"]
[Date "2022.04.09"]
[Round "6.6"]
[White "Oswald, Hannah"]
[Black "Oberhofer, Marie"]
[Result "1-0"]
[WhiteElo "1742"]
[BlackElo "1746"]
[PlyCount "103"]
[EventDate "2022.??.??"]

1. e4 c5 2. Nf3 d6 3. d4 cxd4 4. Nxd4 Nf6 5. Nc3 g6 6. Be3 Bg7 7. f3 O-O 8. Qd2
Nc6 9. Bc4 Bd7 10. O-O-O Rc8 11. Bb3 Ne5 12. g4 b5 13. Bh6 b4 14. Nd5 Nxd5 15.
Bxd5 Nc4 16. Bxc4 Rxc4 17. Bxg7 Kxg7 18. h4 Qa5 19. Kb1 h6 20. h5 g5 21. f4 f6
22. Qd3 Rxd4 23. Qxd4 Be6 24. b3 Rc8 25. fxg5 hxg5 26. h6+ Kh7 27. Rdg1 Qc7 28.
Qd3 Qc3 29. Qe2 Qe5 30. Rh2 a5 31. Rhg2 a4 32. bxa4 Ra8 33. Qb5 Bxa2+ 34. Kc1
Qa1+ 35. Kd2 Qc3+ 36. Kc1 b3 37. e5 Qe3+ 38. Kb2 Qd4+ 39. Kc1 Rxa4 40. Qd3+
Qxd3 41. cxd3 dxe5 42. Kb2 Rd4 43. Kc3 Rd6 44. Re2 Rc6+ 45. Kb2 Rd6 46. Re3 Rd4
47. Reg3 Rf4 48. R3g2 Rd4 49. Rc1 Kxh6 50. Rc7 Rxd3 51. Rxe7 Rh3 52. Rf2 1-0

[Event "FB21 2122 SC Leipzig-Lindenau - SC Roch"]
[Site "?"]
[Date "2022.04.09"]
[Round "6.1"]
[White "Wagner, Victoria"]
[Black "Spangenberg, Pia"]
[Result "1-0"]
[WhiteElo "1841"]
[BlackElo "1817"]
[PlyCount "65"]
[EventDate "2022.??.??"]

1. e4 d5 2. exd5 Nf6 3. d4 Nxd5 4. Nf3 Bg4 5. h3 Bh5 6. c4 Nb6 7. Nc3 Nc6 8. d5
Ne5 9. g4 Nxf3+ 10. Qxf3 Bg6 11. c5 Nd7 12. Bb5 a6 13. Ba4 b5 14. cxb6 cxb6 15.
Bc6 Ra7 16. Bf4 e6 17. Qg3 Bb4 18. Bb8 Be4 19. O-O Bxc3 20. Bxa7 Ba5 21. Qe3
exd5 22. Bxd5 O-O 23. Bxe4 Nf6 24. Bg2 Re8 25. Qa3 Qc7 26. b4 Bxb4 27. Qxb4
Qxa7 28. Rfe1 a5 29. Rxe8+ Nxe8 30. Re1 Nf6 31. Qe7 Qxe7 32. Rxe7 Kf8 33. Rb7
1-0

[Event "FB21 2122 SC Leipzig-Lindenau - SC Roch"]
[Site "?"]
[Date "2022.04.09"]
[Round "6.2"]
[White "Weimert, Miriam"]
[Black "Wagner, Margarethe"]
[Result "1/2-1/2"]
[WhiteElo "1930"]
[BlackElo "1895"]
[PlyCount "64"]
[EventDate "2022.??.??"]

1. e4 c5 2. Nf3 d6 3. d4 cxd4 4. Nxd4 Nf6 5. f3 e5 6. Bb5+ Nbd7 7. Nf5 d5 8.
exd5 a6 9. Bxd7+ Qxd7 10. Ne3 b5 11. O-O Bc5 12. Nc3 O-O 13. Kh1 Bxe3 14. Bxe3
b4 15. Ne4 Nxd5 16. Bc5 Rd8 17. Qe1 a5 18. Rd1 Ba6 19. Rf2 Qc6 20. Rfd2 Bb7 21.
Be7 Re8 22. Rxd5 Rxe7 23. Rd8+ Re8 24. Rxe8+ Rxe8 25. Nd6 Rf8 26. Nxb7 Qxb7 27.
Qxe5 Qc6 28. Qf5 g6 29. Qd3 Rc8 30. Rc1 Qe6 31. Ra1 Qc6 32. Rc1 Qe6 1/2-1/2

[Event "FB21 2122 SC Leipzig-Lindenau - SC Roch"]
[Site "?"]
[Date "2022.04.09"]
[Round "6.3"]
[White "Skibbe, Diana"]
[Black "Spangenberg, Romy"]
[Result "1/2-1/2"]
[WhiteElo "1974"]
[BlackElo "1857"]
[PlyCount "70"]
[EventDate "2022.??.??"]

1. e4 c5 2. Nf3 Nc6 3. d4 cxd4 4. Nxd4 e6 5. Be3 Nf6 6. Nc3 Be7 7. Bd3 O-O 8.
O-O e5 9. Nf5 d5 10. exd5 Nxd5 11. Nxe7+ Ncxe7 12. Nxd5 Qxd5 13. c4 Qe6 14. Qc2
h6 15. Rfe1 Nc6 16. Be4 Rd8 17. Rad1 Rxd1 18. Rxd1 Qe8 19. g3 Be6 20. b3 b6 21.
Rd6 Rc8 22. Qd2 Ne7 23. Bb7 Rb8 24. f4 Nf5 25. Bc6 Qc8 26. fxe5 Nxd6 27. Qxd6
Qd8 28. Qxd8+ Rxd8 29. Bf3 Bf5 30. b4 Be6 31. c5 bxc5 32. bxc5 Bxa2 33. c6 Rc8
34. Bxa7 Be6 35. Kf2 Kf8 1/2-1/2

[Event "FB21 2122 SC Leipzig-Lindenau - SC Roch"]
[Site "?"]
[Date "2022.04.09"]
[Round "6.4"]
[White "Herbrig, Marie-Helen"]
[Black "Dietrich, Mareike"]
[Result "1-0"]
[WhiteElo "1885"]
[BlackElo "1797"]
[PlyCount "67"]
[EventDate "2022.??.??"]

1. d4 Nf6 2. Nf3 e6 3. Bf4 c5 4. e3 Nc6 5. Nbd2 d5 6. c3 Be7 7. Bd3 c4 8. Bc2
b5 9. a3 O-O 10. e4 dxe4 11. Nxe4 Nd5 12. Bg3 Bb7 13. Nc5 Qc8 14. O-O Rd8 15.
Qe2 Bxc5 16. dxc5 Nb8 17. Bd6 Na6 18. Ng5 Nf6 19. Be7 Qc6 20. f4 Nxc5 21. Bxf6
gxf6 22. Nxh7 f5 23. Rf3 Ne4 24. Bxe4 Qc5+ 25. Kh1 fxe4 26. Rg3+ Kxh7 27. Qg4
Qf8 28. Qh5+ Qh6 29. Qxf7+ Kh8 30. Qxb7 Qf6 31. Qxe4 Rab8 32. Rg6 Qh4 33. Qe5+
Kh7 34. Qg7# 1-0

[Event "FB21 2122 SC Leipzig-Lindenau - SC Roch"]
[Site "?"]
[Date "2022.04.09"]
[Round "6.5"]
[White "Riemer-Nlula, Marion"]
[Black "Lowke, Kathrin"]
[Result "1/2-1/2"]
[WhiteElo "1812"]
[BlackElo "1854"]
[PlyCount "47"]
[EventDate "2022.??.??"]

1. e4 c5 2. d4 cxd4 3. c3 d3 4. Nf3 Nc6 5. Bxd3 Nf6 6. O-O g6 7. Qe2 Bg7 8.
Nbd2 O-O 9. Nc4 d5 10. exd5 Nxd5 11. Rd1 e6 12. Bg5 Qc7 13. Qd2 Nce7 14. Bh6 b6
15. Bxg7 Kxg7 16. Nce5 Bb7 17. h4 f6 18. Nd4 Qxe5 19. Re1 Qh5 20. Nxe6+ Kf7 21.
Nxf8 Rxf8 22. Re4 Nc7 23. Bc4+ Bd5 24. Rae1 1/2-1/2

[Event "FB21 2122 SV Medizin Erfurt - TuS Coswi"]
[Site "?"]
[Date "2022.04.10"]
[Round "7.2"]
[White "Nguyen, Ha Thanh"]
[Black "Moses, Selina"]
[Result "1/2-1/2"]
[WhiteElo "1952"]
[BlackElo "1868"]
[PlyCount "43"]
[EventDate "2022.??.??"]

1. e4 c5 2. Nf3 d6 3. d4 cxd4 4. Nxd4 Nf6 5. Nc3 a6 6. Bg5 Nbd7 7. Qe2 Qc7 8.
O-O-O b5 9. a3 Bb7 10. f4 e6 11. Kb1 Be7 12. g4 Nb6 13. Rg1 Nc4 14. Rg3 Rc8 15.
Bg2 h6 16. Bxf6 Bxf6 17. f5 e5 18. Nb3 Qb6 19. Bf1 O-O 20. Nd5 Bxd5 21. Rxd5
Rfd8 22. Nd2 1/2-1/2

[Event "FB21 2122 SV Medizin Erfurt - TuS Coswi"]
[Site "?"]
[Date "2022.04.10"]
[Round "7.3"]
[White "Richter, Ulrike"]
[Black "Reuter, Elisa"]
[Result "0-1"]
[WhiteElo "1916"]
[BlackElo "1881"]
[PlyCount "114"]
[EventDate "2022.??.??"]

1. c4 e5 2. Nc3 Nf6 3. g3 Bb4 4. Bg2 O-O 5. d3 c6 6. Bd2 Re8 7. e3 d5 8. cxd5
cxd5 9. a3 Bxc3 10. bxc3 Nc6 11. Ne2 e4 12. d4 Na5 13. O-O b6 14. h3 Nc4 15.
Qc2 h5 16. Kh2 Bf5 17. Qc1 Qd7 18. Ng1 Qd6 19. h4 Ng4+ 20. Kh1 Nf6 21. Nh3 Bxh3
22. Bxh3 Ng4 23. Be1 Qf6 24. Bg2 g5 25. hxg5 Qxg5 26. f4 Qf5 27. Bf2 Kg7 28.
Kg1 Rh8 29. Bh3 Qg6 30. Bxg4 hxg4 31. Kg2 Qh5 32. Rh1 Qxh1+ 33. Qxh1 Rxh1 34.
Rxh1 Rh8 35. Ra1 f5 36. Ra2 Kf7 37. a4 Ke6 38. Kf1 Rh1+ 39. Ke2 Rb1 40. Be1
Rb2+ 41. Rxb2 Nxb2 42. a5 bxa5 43. Bd2 Nc4 44. Bc1 Kd6 45. Kd1 Kc6 46. Kc2 Kb5
47. Kb3 a4+ 48. Ka2 a3 49. Kb3 a6 50. Bxa3 Nxa3 51. Kxa3 Kc4 52. Kb2 a5 53. Kc2
a4 54. Kb2 a3+ 55. Kxa3 Kxc3 56. Ka4 Kd3 57. Kb5 Kxe3 0-1

[Event "FB21 2122 SV Medizin Erfurt - TuS Coswi"]
[Site "?"]
[Date "2022.04.10"]
[Round "7.4"]
[White "Mueller-Ludwig, Kristin"]
[Black "Moldenhauer, Antje"]
[Result "1-0"]
[WhiteElo "2024"]
[BlackElo "1814"]
[PlyCount "67"]
[EventDate "2022.??.??"]

1. e4 c5 2. Nf3 d6 3. d4 cxd4 4. Nxd4 Nf6 5. Nc3 g6 6. f3 Bg7 7. Be3 O-O 8. Qd2
Nc6 9. O-O-O d5 10. Qe1 e5 11. Nxc6 bxc6 12. exd5 Nxd5 13. Ne4 Qc7 14. Bc5 Rd8
15. c4 Be6 16. Kb1 h6 17. Rc1 Nb6 18. Qa5 f5 19. Nc3 Qf7 20. b3 Rab8 21. Kc2 e4
22. Be2 Qf6 23. Rhd1 Qg5 24. fxe4 Qxg2 25. Rg1 Bxc3 26. Rxg2 Bxa5 27. Rxg6+ Kh7
28. Rxe6 Rd2+ 29. Kb1 Rxe2 30. Re7+ Kh8 31. Rxa7 Bd2 32. Bd4+ Kg8 33. Rg1+ Kf8
34. Bc5+ 1-0

[Event "FB21 2122 SV Medizin Erfurt - TuS Coswi"]
[Site "?"]
[Date "2022.04.10"]
[Round "7.5"]
[White "Gebhardt, Christine"]
[Black "Anisheva, Varvara"]
[Result "0-1"]
[WhiteElo "1712"]
[BlackElo "2076"]
[PlyCount "59"]
[EventDate "2022.??.??"]

1. e4 c5 2. d4 cxd4 3. c3 dxc3 4. Nxc3 Nc6 5. Nf3 d6 6. Bc4 e6 7. O-O a6 8. Qe2
b5 9. Bb3 Na5 10. Bc2 Bd7 11. Rd1 b4 12. Na4 Bb5 13. Qe3 Rc8 14. Bb3 Nc4 15.
Bxc4 Rxc4 16. b3 Bxa4 17. bxa4 Qa8 18. Ng5 h6 19. Qh3 Be7 20. Nf3 Rxe4 21. Bb2
Nf6 22. Rac1 Re2 23. Ba1 O-O 24. Nd4 Rxa2 25. Nxe6 Rb8 26. Nd4 Ne4 27. Rf1 Rf8
28. Nc6 Bg5 29. Qg4 f5 30. Qe2 0-1